| LEADER |
01271nam0a2200289 450 |
| 001 |
16867980 |
| 010 |
|
|
|a 978-2-7459-6249-2
|b br.
|d 14,95
|
| 100 |
|
|
|a 20130516d2013 u u0frey01 ba
|
| 101 |
0 |
|
|a fre
|
| 102 |
|
|
|a FR
|
| 200 |
0 |
|
|a Copain des mers
|e le guide des petits loups de mer
|f Valérie Tracqui
|g illustrations de Frédérique Vayssières, Pascal Robin, Bruno David
|
| 205 |
|
|
|a Nouvelle présentation
|
| 207 |
|
1 |
|a
|
| 210 |
|
|
|a Toulouse
|c Milan jeunesse
|d 2013
|
| 215 |
|
|
|a 1 vol. (254 p.)
|c illustrations en couleur
|d 26 cm
|
| 225 |
1 |
|
|a Copains
|x 2259-9959
|
| 300 |
|
|
|a Index. Glossaire,Index. Glossaire
|
| 330 |
|
|
|a Présentation en douze thèmes de la mer et du monde aquatique, des poissons aux mammifères marins, de la pêche à la plongée, en passant par les dangers de la pollution sur l'écosystème. Avec des idées d'activités manuelles et des adresses.
|
| 606 |
0 |
|
|a Mer
|x Ouvrages pour la jeunesse
|
| 676 |
|
|
|a 577.7
|
| 700 |
|
0 |
|a Tracqui
|b Valérie
|4 70
|
| 702 |
|
0 |
|a Vayssières
|b Frédérique
|f 1961-....
|4 440
|
| 702 |
|
0 |
|a Robin
|b Pascal
|4 440
|
| 702 |
|
0 |
|a David
|b Bruno
|4 440
|
| 900 |
|
|
|a Roman (enfants)
|
| 901 |
|
|
|a Jeunesse
|
| 995 |
|
|
|a Médiathèque
|c Médiathèque
|f 00156008142986
|h 00156008142986
|k E 577.7 TRA
|o p
|q j
|r az
|e Médiathèque
|